00325nam a2200133Ia 4500008004100000041000800041082001700049100001400066245004300080260001100123300002600134365001700160700001400177230718s9999 xx 000 0 und d aeng a621.384bPRA aPrasad R. aOfdm For Wireless Communictions System bArtech dRef 1054 E ME (29813) cRs.b6608.00 aPrasad R.